| 000 | 00454nam a22001217a 4500 | ||
|---|---|---|---|
| 082 | _a200 THE | ||
| 100 |
_aMUHAMMAD BILAL MAHMOOD _932958 |
||
| 245 | _aTH-SOF-1482-OBJECT TRACKING USING APPEARANCE MODEL BASED ON FEATURE EXTRACTED FROM MULTI-SCALE IMAGE FEATURE SPACE WITH DATA-INDEPENDENT BASIS | ||
| 260 |
_aIslamabad _bNUST College of EME _c2015 |
||
| 650 | _aMS-COMPUTER ENGINEERING-69 MSTHESIS | ||
| 700 |
_aDR SHOAB AHMED KHAN _916053 |
||
| 942 | _cCF | ||
| 999 |
_c577429 _d577429 |
||